Uplatňovanie pravidiel štátnej pomoci na Slovensku
Právny rámec štátnej pomoci. Analýza faktov, javov a procesov súvisiacich so štátnou pomocou. Pozitívna a negatívna stránka štátnej pomoci.
Salvato in:
| Autore principale: | |
|---|---|
| Altri autori: | |
| Natura: | Capitolo di libro |
| Lingua: | slovacco |
| Soggetti: | |
| Tags: |
Nessun Tag, puoi essere il primo ad aggiungerne!!
|
MARC
| LEADER | 00000naa a2200000 4500 | ||
|---|---|---|---|
| 001 | 0191452 | ||
| 005 | 20220323094511.5 | ||
| 041 | 0 | |a slo | |
| 044 | |a CZ | ||
| 245 | 1 | 0 | |a Uplatňovanie pravidiel štátnej pomoci na Slovensku |c Daniela Nováčková, Lucia Paškrtová |
| 520 | |a Právny rámec štátnej pomoci. Analýza faktov, javov a procesov súvisiacich so štátnou pomocou. Pozitívna a negatívna stránka štátnej pomoci. | ||
| 610 | 2 | 0 | |a pomoc štátna |
| 610 | 2 | 0 | |a rozvoj regionálny |
| 610 | 2 | 0 | |a Slovensko |
| 610 | 2 | 0 | |a súťaž hospodárska |
| 610 | 2 | 0 | |a konkurencia |
| 100 | 1 | |a Nováčková, Daniela | |
| 700 | 1 | |a Paškrtová, Lucia | |